000
00306nam a2200145Ia 4500
008
210210b1920 xxu||||| |||| 00| 0 eng d
041
_a
eng
082
_a
330/56
100
_a
CANNAN (E)
245
_a
Wealth
260
_a
London
_b
-
_c
1920
650
_a
Wealth
690
_a
Economics
906
_a
003459
999
_c
118697
_d
118697